00790cam a22002898a 450000100090000000300040000900500170001300800410003001000170007102000180008803500200010604000180012604200080014406000090015208200120016110000210017324500850019424600270027925000120030626000450031826300090036330000170037250400510038965000130044065000160045370000310046917083052OSt20150408114135.0111212s2013 mou b 001 0 eng  a 2011051161 a9780323083607 a(DNLM)101574410 aDNLM/DLCcDLC apcc10aQS 400a6122231 aPatton, Kevin T.10aAnatomy & physiology :cKevin T. Patton, Gary A. Thibodeau.blaboratory manual /1 aAnatomy and physiology a8th ed. aSt. Louis, MO :bElsevier/Mosby,cc2013. a1203 ap. ;528ccm. aIncludes bibliographical references and index.12aAnatomy.22aPhysiology.1 aThibodeau, Gary A.,d1938-